Marketing mesta a obchodná vybavenosť mesta
Gespeichert in:
| 1. Verfasser: | |
|---|---|
| Format: | Buchkapitel |
| Sprache: | Slowakisch |
| Tags: |
Keine Tags, Fügen Sie das erste Tag hinzu!
|
MARC
| LEADER | 00000naa$a2200000$$$4500 | ||
|---|---|---|---|
| 001 | 0064168 | ||
| 005 | 20240502071742.0 | ||
| 041 | 0 | |a slo | |
| 044 | |a SK | ||
| 245 | 1 | 0 | |a Marketing mesta a obchodná vybavenosť mesta |c Zuzana Francová |
| 100 | 1 | |a Francová, Zuzana, 1971- | |